000 00476nam a2200181 a 4500
001 1757137942552
003 YourLibrary
005 20250908142700.0
008 250906s2009##################000#0#eng##
020 _a9780521108225
082 0 4 _a161
_bBLA
100 1 _aBlackburn, Simon,
_eauthor.
245 1 0 _aReason and Prediction :
260 _bCambridge University Press,
_c2009.
650 0 _aPhilosophy.
942 _cENGLISH
040 _aYourLibrary
_beng
_cYourLibrary
999 _c585839
_d585839